000 01161cam a22001934a 4500
005 20250605164118.0
008 250528s ||||||||||||||||||||||||d
035 _a18148
040 _aGR-AtMCL
_bgre
_dGR-AtMCL
_eAACR2
245 1 _aPascal Turbo Εφαρμογες / Θεωρίες Γλώσσας PASCAL, Επεκτάσεις της TURBO PASCAL, Δυναμικές Δομές Δεδομένων, Ολοκληρωμένα Παραδείγματα (Παράθυρα, Γραφικά, Indexed Αρχεία), Εφαρμογές
260 _bUniversity Studio Press,
_c1990
300 _a224
520 _aΕισαγωγή, Τύποι Δεδομένων - Βασικές Εντολές, Πρόσθετοι Τύποι Δεδομένων, Συναρτήσεις και Υποπρογράμματα, Πίνακες, Εγγραφές - Αρχεία, Δυναμικές Δομές Δεδομένων, Ολοκληρωμένα Παραδείγματα - Εφαρμογές, Βιβλιογραφία.
700 1 _aΑβραμοπουλος Κ. Μηνας
_94436
700 1 _aΤασουλας Α. Παν
_94437
942 _cBK
999 _c3529
_d3529